00253nam a2200097Ia 4500008004100000100000900041245003600050260004500086942000700131999001700138190216s9999||||xx |||||||||||||| ||und|| aNull 0aHindi-Ashirvad Samajik Adhyaban bNational Council Of Educational Research cBK c17115d17115